| 000 | 00817 a2200205 4500 | ||
|---|---|---|---|
| 003 | UA-OsUOA | ||
| 005 | 20260514132442.0 | ||
| 008 | 260514b un ||||| |||| 00| 0 ukr d | ||
| 040 |
_aUA-OsUOA _bukr _cUA-OsUOA _dUA-OsUOA |
||
| 041 | _aukr | ||
| 080 | _a09:050 | ||
| 090 |
_a09:050 _bК18 |
||
| 245 |
_aКаменярі _bжурнал студентського кружка "Каменярі" при Інституті ім. Петра Могили в Саскатуні за рік 1919 _cвступне слово С. В. Савчука |
||
| 260 |
_c1919 _aБ. м. |
||
| 300 |
_a208 с. _bіл. |
||
| 650 |
_2UDC _a09 Рукописи. Раритети і рідкісні книги _91449 |
||
| 942 |
_cRB _2udc |
||
| 955 | _a4 | ||
| 999 |
_c580704 _d580704 |
||